UBT Library

Disease The Horse A Handbook For Science And Practice (Record no. 50091)

000 -LEADER
fixed length control field 00300nam a22001217a 4500
008 - FIXED-LENGTH DATA ELEMENTS--GENERAL INFORMATION
fixed length control field 181018b xxu||||| |||| 00| 0 eng d
041 ## - LANGUAGE CODE
Language code of text/sound track or separate title eng
080 ## - UNIVERSAL DECIMAL CLASSIFICATION NUMBER
Universal Decimal Classification number 591
100 ## - Rafti
Rafti 591
101 ## - Shkurtesa
Shkurtesa zoo
245 ## - TITLE STATEMENT
Title Disease The Horse A Handbook For Science And Practice
Statement of responsibility, etc Olof.D
942 ## - ADDED ENTRY ELEMENTS (KOHA)
Source of classification or shelving scheme
Item type Books
Holdings
Withdrawn status Lost status Source of classification or shelving scheme Damaged status Not for loan Collection code Permanent location Current location Shelving location Date acquired Total Checkouts Full call number Barcode Date last seen Price effective from Koha item type
          Koleksioni i përgjithshem UBT - Lipjan UBT - Lipjan Koleksioni i përgjithshem 10/18/2018   591 OLO 002-3015480 10/18/2018 10/18/2018 Books
          Koleksioni i përgjithshem UBT - Lipjan UBT - Lipjan Koleksioni i përgjithshem 10/18/2018   591 OLO 002-3015450 10/18/2018 10/18/2018 Books
UBT Library © 2015-2024. All rights reserved University Education for Business and Technology